000 00472nam a2200181 a 4500
020 _a0862328225
020 _a0862328233 (pbk.)
040 _cVTU
082 _a305 ZED 1989 A067 Or.
100 1 _aShiva, Vandana
245 1 0 _aStaying alive :
_bwomen, ecology, and development /
260 _aLondon :
_bZed Books,
_c1989
300 _axx, 234 p. :
_bill. ;
_c22 cm
650 0 _aWomen in development
650 0 _aHuman ecology
650 0 _aPatriarchy
942 _cEK
999 _c14460
_d14460